书目信息 |
| 题名: |
四世同堂
|
|
| 作者: | 老舍 原著 ;林汝为 , 牛星丽 , 李翔 编剧 | |
| 分册: | ||
| 出版信息: | 北京 人民文学出版社 2013 |
|
| 页数: | 273页 | |
| 开本: | 24cm | |
| 丛书名: | 中国电视剧三十年优秀剧作丛书 | |
| 单 册: | ||
| 中图分类: | I235.2 | |
| 科图分类: | ||
| 主题词: | 电视文学剧本 , 电视文学剧本--中国--当代 | |
| 电子资源: | ||
| ISBN: | 978-7-02-008155-4 | |
| 000 | 00819nam0 2200265 450 | |
| 001 | 139934 | |
| 005 | 20140914082746.54 | |
| 010 | @a978-7-02-008155-4@dCNY 24.50 | |
| 100 | @a20130308d2013 em y0chiy50 ea | |
| 101 | 0 | @achi |
| 102 | @aCN@b110000 | |
| 105 | @ay z 000by | |
| 200 | 1 | @a四世同堂@Asi shi tong tang@b专著@f老舍原著@g林汝为,李翔,牛星丽编剧 |
| 210 | @a北京@c人民文学出版社@d2013 | |
| 215 | @a273页@d24cm | |
| 225 | 1 | @a中国电视剧三十年优秀剧作丛书 |
| 606 | 0 | @a电视文学剧本 |
| 606 | 0 | @a电视文学剧本@y中国@z当代 |
| 690 | @aI235.2@v5 | |
| 701 | 0 | @c(满)@a老舍@Alao she@f(1899 1966)@4原著 |
| 702 | 0 | @a林汝为@Alin ru wei@f(1932 )@4编剧 |
| 702 | 0 | @a牛星丽@Aniu xing li@f(1928 2009)@4编剧 |
| 702 | 0 | @a李翔@Ali xiang@f(1928 2002)@4编剧 |
| 801 | 0 | @c20140914 |
| 905 | @a241430@dI235.2@eL072 | |
| 四世同堂/老舍原著/林汝为,李翔,牛星丽编剧.-北京:人民文学出版社,2013 |
| 273页;24cm.-(中国电视剧三十年优秀剧作丛书) |
| ISBN 978-7-02-008155-4:CNY 24.50 |
| ● |
| 相关链接 |
|
|
|
正题名:四世同堂
索取号:I235.2/L072
 
预约/预借
| 序号 | 登录号 | 条形码 | 馆藏地/架位号 | 状态 | 备注 |
| 1 | 0832589 | 208325891 | 文学库108/108文学库 20排2列1层/ [索取号:I235.2/L072] | 在馆 | |
| 2 | 0832590 | 208325908 | 文学库108/108文学库 20排2列1层/ [索取号:I235.2/L072] | 在馆 | |
| 3 | 0832591 | 208325917 | 文学库108/108文学库 20排2列1层/ [索取号:I235.2/L072] | 在馆 |